Zahraničná politika Ukrajiny vo vzťahu k Európskej únii od roku 2010 bakalárska práca

Gespeichert in:
Bibliographische Detailangaben
1. Verfasser: Jaroščáková, Dana
Körperschaft: Fakulta medzinárodných vzťahov EU. Katedra medzinárodných politických vzťahov
Weitere Verfasser: Zubro, Tetyana, 1975-
Format: Buch
Sprache:Slowakisch
Veröffentlicht: Bratislava 2019
Tags: Tag hinzufügen
Keine Tags, Fügen Sie das erste Tag hinzu!

MARC

LEADER 00000nbm a2200000 4500
001 0255126
005 20190813095403.4
041 0 |a slo 
044 |a SK 
245 1 0 |a Zahraničná politika Ukrajiny vo vzťahu k Európskej únii od roku 2010  |b bakalárska práca  |c Dana Jaroščáková ; školiteľ: Tetyana Zubro 
264 1 |a Bratislava  |c 2019 
300 |a 48 s. 
100 1 |a Jaroščáková, Dana 
700 1 |a Zubro, Tetyana, 1975- 
710 2 |a Fakulta medzinárodných vzťahov EU. Katedra medzinárodných politických vzťahov